ՀՀ Գիտությունների ազգային ակադեմիայի հիմնարար գիտական գրադարան  =   Fundamental Scientific Library of NAS RA

Տուն-տուն խաղանք : (Record no. 125318)

MARC details
000 -LEADER
fixed length control field 00990nam a2200217 a 4500
001 - CONTROL NUMBER
control field 000333469
003 - CONTROL NUMBER IDENTIFIER
control field AM-YeHGA
005 - DATE AND TIME OF LATEST TRANSACTION
control field 20250618072104.0
008 - FIXED-LENGTH DATA ELEMENTS--GENERAL INFORMATION
fixed length control field 040511s1972 ai a||||r|||||||||1|arm|d
040 ## - CATALOGING SOURCE
Original cataloging agency AM-YeHGA
041 1# - LANGUAGE CODE
Language code of text/sound track or separate title arm
Language code of original rus
-- pol
090 ## - LOCALLY ASSIGNED LC-TYPE CALL NUMBER (OCLC); LOCAL CALL NUMBER (RLIN)
-- 126676
245 10 - TITLE STATEMENT
Title Տուն-տուն խաղանք :
Remainder of title [Բանաստեղծություններ] /
Statement of responsibility, etc. Ք. Պոկորսկայա ; Ռուս. թարգմ.՝ Վ. Հովակիմյան ; Խմբ.՝ Էդ.Ս. Ավագյան ; Նկ.՝ Յ. Մակովսկի.
260 ## - PUBLICATION, DISTRIBUTION, ETC.
Place of publication, distribution, etc. Երևան :
Name of publisher, distributor, etc. Հայաստան,
Date of publication, distribution, etc. 1972.
300 ## - PHYSICAL DESCRIPTION
Extent [24] էջ :
Other physical details նկ. ;
Dimensions 20 սմ.
650 14 - SUBJECT ADDED ENTRY--TOPICAL TERM
Topical term or geographic name entry element Լեհական մանկական գրականություն
General subdivision Բանաստեղծություն
700 1# - ADDED ENTRY--PERSONAL NAME
Personal name Հովակիմյան, Վարոս Սարգսի,
Dates associated with a name 1923-2002
Relator term թարգմ.
Relationship trl
9 (RLIN) 2614
700 1# - ADDED ENTRY--PERSONAL NAME
Personal name Ավագյան, Էդուարդ Սամվելի,
Dates associated with a name 1927-2010
Relator term խմբ.
Relationship edt
9 (RLIN) 1279
700 1# - ADDED ENTRY--PERSONAL NAME
Personal name Մակրովսկի, Յուլիուշ
Relator term նկ.
Relationship art
942 ## - ADDED ENTRY ELEMENTS (KOHA)
Source of classification or shelving scheme Universal Decimal Classification
Koha item type Գրքեր / Books
Holdings
Withdrawn status Lost status Source of classification or shelving scheme Damaged status Not for loan Collection Home library Current library Date acquired Total checkouts Full call number Barcode Date last seen Price effective from Koha item type Public note
    Universal Decimal Classification     General Fundamental Scientific Library Fundamental Scientific Library 22/12/2016   AII/49955 220049955 22/12/2016 22/12/2016 Գրքեր / Books 30 Days Loan


ՀՀ ԳԱԱ հիմնարար գիտական գրադարան
ՀՀ,Երևան 0019
Մարշալ Բաղրամյան 24/6
հեռախոս:(374-10) 52-47-50
Հետադարձ կապ

All site content, except where otherwise noted, is licensed under a
Creative Commons License